000 00414nam a22001697a 4500
003 OSt
005 20211014103059.0
008 211014b |||||||| |||| 00| 0 eng d
020 _a0074622439
040 _cHU
082 _a621.38133
100 _aMillman Jacob
_913549
245 _aELECTRONIC DEVICES AND CIRCUITS
260 _aNEW DELHI
_bTata McGraw-Hill
_c1991.
300 _a752p.
942 _2ddc
_cBOOKS
_n0
999 _c12679
_d12679